000 00777nam a2200241 a 4500
999 _c11487
_d11487
001 11487
003 BD-JhCC
005 20190928083826.0
008 190626b 2013bg |||| ||a| 000 0 ben d
020 _a9789849068884
035 _a(BD-JhCC)11487
040 _aBD-JhCC
_dBD-JhCC
041 _aben
082 _bAHM 2013
_a158
100 _aআহমাদ, মোস্তফা
245 _aসাফল্য মানে নিরলস গন্তব্য ছুটে চলা /
_cমোস্তফা আহমাদ ।
260 _aঢাকা:
_bগাজী প্রকাশনী;
_c২০১৩.
300 _a১২৮ পৃ. :
_c২২ সেমি.
650 _aSuccess
650 _aStraggle
942 _2ddc
_cBK